000 04729cam a22008054i 4500
003 PE-LiUPU
005 20250731180143.0
008 150706s2009 pe a r 000 0 spa d
020 _aSin ISBN
035 _a(Sirsi) a48981
040 _aPE-LiUPU
_bspa
_cPE-LiUPU
_erda
049 _aPRUA
082 0 4 _a515.6307
_bF52
_221
082 0 4 _a512.953
_Bf52 II 2010
_221
100 1 _aFigueroa García, Ricardo,
_eautor.
245 1 0 _aMatemática básica 2 :
_bvectores y matrices con números complejos /
_cRicardo Figueroa García.
250 _a7a
264 1 _aLima :
_b Eds. RFG,
_c2009.
264 1 _aLima :
_b Eds. RFG,
_c2010.
300 _a571 páginas ;
_c21 cm.
336 _atext
_2rdacontent
337 _aunmediated
_2rdamedia
338 _avolume
_2rdacarrier
504 _aincluye referencias bibliograficas.
505 0 _aVectores en el plano -- Restas en el plano -- Aplicaciones de la recta -- Vectores en el espacio -- Rectas en el espacio -- Planos en el espacio -- Los números complejos -- Matrices.-Determinantes.
526 _aSEG44
526 _aSEG26
526 _aP159
526 _aP155
526 _aP154
526 _aP153
526 _aP150
526 _aP100
526 _aP31
526 _aP30
526 _aP26
526 _aP25
526 _aP24
526 _aP22
526 _aP15
526 _aP10
541 _g001-00003175;
650 0 4 _aAnálisis vectorial
_xProblemas, ejercicios, etc.
650 0 4 _aMatrices (Matemáticas)
_vProblemas, ejercicios, etc.
650 0 4 _aNúmeros complejos
_vProblemas, ejercicios, etc.
910 _agl
_bng
_cng
_d20101019
910 _btqv
_caic
_d20170119
942 _2ddc
_cBOOK
949 _a515.6307 F52
_wDEWEY
_c1
_i62320
_lCCODEBUL1
_mBUL
_p15.00
_r0
_sY
_tLIBRO
_u2015-07-06
_xBIBLIOTECA
_zUNKNOWN
_o.STAFF. Colección General
949 _a515.6307 F52
_wDEWEY
_c2
_i62321
_lCCODEBUL1
_mBUL
_p15.00
_r0
_sY
_tLIBRO
_u2015-07-06
_xBIBLIOTECA
_zUNKNOWN
_o.STAFF. Colección General
949 _a515.6307 F52
_wDEWEY
_c3
_i62202
_lCCODEBUL1
_mBUL
_p12.00
_r0
_sY
_tLIBRO
_u2015-07-06
_xBIBLIOTECA
_zUNKNOWN
_o.STAFF. Colección General
949 _a512.953 F52 II 2010
_wDEWEY
_c1
_iFJ05638
_lCCODEBUJ1
_mBUJ
_p10.00
_r0
_sY
_tBOOK
_u2017-01-19
_xINGENIERIA
_PP25
_0COMPRA
_o.STAFF. Colección General Juliaca
949 _a512.953 F52 II 2010
_wDEWEY
_c2
_iFJ05639
_lCCODEBUJ1
_mBUJ
_p10.00
_r0
_sY
_tBOOK
_u2017-01-19
_xINGENIERIA
_PP25
_0COMPRA
_o.STAFF. Colección General Juliaca
949 _a512.953 F52 II 2010
_wDEWEY
_c3
_iFJ05640
_lCCODEBUJ1
_mBUJ
_p10.00
_r0
_sY
_tBOOK
_u2017-01-19
_xINGENIERIA
_PP25
_0COMPRA
_o.STAFF. Colección General Juliaca
949 _a512.953 F52 II 2010
_wDEWEY
_c1
_iFJ09130
_lCCODEBUJ1
_mBUJ
_p10.00
_r0
_sY
_tBOOK
_u2017-10-18
_xBILIBOTECA
_zOTRO
_0COMPRA
_o.STAFF -- Colección General Juliaca
994 _aC0
_bPEPRU
596 _a1 3
999 _a515.6307 F52
_wDEWEY
_c51278
_i62320
_d51278
_e2015-7-24
_kLOST-CLAIM
_lLOST
_mBUL
_n1
_p15.00
_r1
_sY
_tBOOK
_u2015-7-6
_xBIBLIOTECA
_zUNKNOWN
_o.STAFF. Colección General
999 _a515.6307 F52
_wDEWEY
_c2
_i62321
_d2019-3-13
_e2019-3-8
_f2021-11-5
_g7
_lCCODEBUL1
_mBUL
_n31
_p15.00
_q1
_r0
_sY
_tBOOK
_u2015-7-6
_xBIBLIOTECA
_zUNKNOWN
_0COMPRA
_o.STAFF. Colección Ingeniería y Arquitectura
999 _a515.6307 F52
_wDEWEY
_c3
_i62202
_d2016-2-29
_e2015-11-5
_lLOST
_mBUL
_n6
_p12.00
_r1
_sY
_tBOOK
_u2015-7-6
_xBIBLIOTECA
_zUNKNOWN
_o.STAFF. Colección General
999 _a512.953 F52 II 2010
_wDEWEY
_c1
_iFJ05638
_d2019-10-11
_e2019-10-9
_f2022-1-19
_g4
_lCCODEBUJ1
_mBUJ
_n5
_p10.00
_q4
_r0
_sY
_tBOOK
_u2017-1-19
_xINGENIERIA
_PP25
_0COMPRA
_o.STAFF. Colección General Juliaca
999 _a512.953 F52 II 2010
_wDEWEY
_c2
_iFJ05639
_d2019-10-14
_e2019-10-14
_f2022-1-19
_g4
_lCCODEBUJ1
_mBUJ
_n5
_p10.00
_q4
_r0
_sY
_tBOOK
_u2017-1-19
_xINGENIERIA
_PP25
_0COMPRA
_o.STAFF. Colección General Juliaca
999 _a512.953 F52 II 2010
_wDEWEY
_c3
_iFJ05640
_d2019-10-7
_e2019-10-3
_f2022-1-19
_g4
_lCCODEBUJ1
_mBUJ
_n6
_p10.00
_q5
_r0
_sY
_tBOOK
_u2017-1-19
_xINGENIERIA
_PP25
_0COMPRA
_o.STAFF. Colección General Juliaca
999 _a512.953 F52 II 2010
_wDEWEY
_c4
_iFJ09119
_lCCODEBUJ1
_mBUJ
_p10.00
_r0
_sY
_tBOOK
_u2017-1-19
_xINGENIERIA
_PP25
_0COMPRA
_o.STAFF. Colección General Juliaca
999 _a512.953 F52 II 2010
_wDEWEY
_c5
_iFJ09130
_f2022-1-19
_g4
_lCCODEBUJ1
_mBUJ
_p10.00
_r0
_sY
_tBOOK
_u2017-11-7
_xBIBLIOTECA
_zUNKNOWN
_0COMPRA
_o.STAFF. Coleción General Juliaca
980 _81
_gALBERTO SANCHEZ Responsable de Automatización